Welcome to CU Library Online Public Access Catalogue (OPAC)

PREPARING FINANACIAL STATEMENTS (Record no. 8778)

MARC details
000 -LEADER
fixed length control field 00337nam a2200157 4500
005 - DATE AND TIME OF LATEST TRANSACTION
control field 20260219124903.0
008 - FIXED-LENGTH DATA ELEMENTS--GENERAL INFORMATION
fixed length control field CU66
020 ## - INTERNATIONAL STANDARD BOOK NUMBER
International Standard Book Number 9988071248
050 ## - LIBRARY OF CONGRESS CALL NUMBER
Classification number HF 5681.B2 ACC
100 ## - MAIN ENTRY--PERSONAL NAME
Personal name ACCA
245 ## - TITLE STATEMENT
Title PREPARING FINANACIAL STATEMENTS
260 ## - PUBLICATION, DISTRIBUTION, ETC.
Place of publication, distribution, etc. LONDON
Name of publisher, distributor, etc. BPP
Date of publication, distribution, etc. 2005
300 ## - PHYSICAL DESCRIPTION
Extent XXVI,546p.,
500 ## - GENERAL NOTE
General note INDEX
942 ## - ADDED ENTRY ELEMENTS (KOHA)
Source of classification or shelving scheme Library of Congress Classification
Koha item type Books
Suppress in OPAC No
999 ## -
-- 8778
-- 8778
Holdings
Withdrawn status Lost status Source of classification or shelving scheme Damaged status Not for loan Home library Current library Shelving location Date acquired Total checkouts Full call number Barcode Date last seen Price effective from Koha item type
    Library of Congress Classification     Graduate Library (Christ Temple) Graduate Library (Christ Temple) General stacks 02/19/2026   HF 5681 ACC gsct00002703 02/19/2026 02/19/2026 Books
    Library of Congress Classification     Graduate Library (Christ Temple) Graduate Library (Christ Temple) General stacks 02/19/2026   HF 5681 ACC gsct00002704 02/19/2026 02/19/2026 Books
© 2023-2024 Copyright: Central University Libraries. All Rights Reserved | Created by: Mahone Tech Office